Fundamentals of Computers / (Record no. 12225)
[ view plain ]
| 000 -LEADER | |
|---|---|
| fixed length control field | 00333cam a2200133ua 4500 |
| 020 ## - INTERNATIONAL STANDARD BOOK NUMBER | |
| ISBN | 9788120310032 |
| 082 ## - DEWEY DECIMAL CLASSIFICATION NUMBER | |
| Classification number | 004.1 |
| Item number | RAJ/FU |
| 100 ## - MAIN ENTRY--AUTHOR NAME | |
| Personal name | Rajaraman, V . |
| 245 ## - TITLE STATEMENT | |
| Title | Fundamentals of Computers / |
| 250 ## - EDITION STATEMENT | |
| Edition statement | 4 th |
| 260 ## - PUBLICATION, DISTRIBUTION, ETC. (IMPRINT) | |
| Place of publication | New Delhi : |
| Name of publisher | Prentice Hall of India Pvt Ltd. , |
| Year of publication | 1998. |
| 300 ## - PHYSICAL DESCRIPTION | |
| Number of Pages | 316 ; . |
| 942 ## - ADDED ENTRY ELEMENTS (KOHA) | |
| Koha item type | Books |
| Withdrawn status | Lost status | Damaged status | Home library | Current library | Date acquired | Full call number | Accession Number | Koha item type |
|---|---|---|---|---|---|---|---|---|
| KAUAET | KAUAET | 07/04/2012 | 004.1 RAJ/FU | 20087 | Books | |||
| KAUAET | KAUAET | 07/04/2012 | 004.1 RAJ/FU | 21301 | Books | |||
| KAUAET | KAUAET | 07/04/2012 | 004.1 RAJ/FU | 21302 | Books | |||
| KAUAET | KAUAET | 07/04/2012 | 004.1 RAJ/FU | 21226 | Books | |||
| KAUAET | KAUAET | 07/04/2012 | 004.1 RAJ/FU | BB 84 | Books | |||
| KAUAET | KAUAET | 07/04/2012 | 004.1 RAJ/FU | BB 85 | Books |
